| 000 | 00798cam a22002651a 4500 | ||
|---|---|---|---|
| 001 | gs 05000656 | ||
| 003 | DLC | ||
| 005 | 20260227111301.0 | ||
| 008 | 800404s1891 dcu f000 0 eng | ||
| 010 | _ags 05000656 | ||
| 035 | _a(OCoLC)6167003 | ||
| 040 |
_aDLC _cMoSB _dDSI _dCSfA _dDLC |
||
| 042 | _apremarc | ||
| 043 | _an-us--- | ||
| 050 | 1 | 0 |
_aQE75 _b.B9 no. 76 |
| 082 | _a551.530973 | ||
| 100 | 1 |
_aGannett, Henry, _d1846-1914. |
|
| 245 | 1 | 2 |
_aA dictionary of altitudes in the United States / _ccompiled by Henry Gannett. |
| 250 | _a2nd ed. | ||
| 260 |
_aWashington : _bGovt. Print. Off., _c1891. |
||
| 300 |
_av, 393 p. ; _c24 cm. |
||
| 440 | 0 |
_aBulletin of the United States Geological Survey ; _vno. 76 |
|
| 651 | 0 |
_aUnited States _xAltitudes. |
|
| 710 | 2 | _aGeological Survey (U.S.) | |
| 999 |
_c24260 _d24260 |
||